00588nam a2200217Ia 4500008004100000020001700041050001800058050001800076100001800094245005400112245001700166260001500183260001700198260000900215300001600224300002000240300001100260440003300271500002000304650004600324180523s9999 xx 000 0 und d a007-125211-8 aComSc TK 7887 b.M49 2003 c.3 aMeyers, Mike. 0aIntroduction to PC hardware and troubleshooting / 0cMike Meyers. aNew York : bMcGraw-Hill, c2003 a447 pages : billustrations ; c23 cm. aMike Meyers' computer skills aIncludes index. aMicrocomputers -- Maintenance and repair.